MARC

LEADER 00000nab a2200000 a 4500
001 vtls000130528
003 SK-MaSNL
005 20260303032955.0
008 111104c1982 xo 0 slo
015 |a SNBRB19rr/mm-uuuuu 
035 |a CL0140634 
040 |a SNKBUCL  |b slo  |c SNKBUCL  |e AACR2 
041 0 |a slo 
044 |a xo  |c SK 
080 |a 885.4-3  |2 1981 
100 1 |a Eržinová, Marta  |4 aut  |9 925582 
245 1 0 |a Ohnivák  |c Marta Eržinová 
650 0 7 |a príbehy zo života  |2 snkbucl  |9 270441 
655 7 |a články z novín a časopisov  |2 snkbucl  |9 267496 
655 7 |a články z odboru literárna veda a krásna literatúra  |2 snkbucl  |9 770045 
773 0 |t Zdravie  |g Roč. 38, č. 8 (1982), s. 28-29 
850 |a Slovenská národná knižnica v Martine  |a MTA001 
852 |a SNK  |b KIS3GCP 
958 |a RK 
958 |a LX 
992 |a RBX 
999 |c 1668064  |d 1669994